000
00217nam a2200097Ia 4500
008
190216s9999||||xx |||||||||||||| ||und||
100
_a
Siraj
245
0
_a
Sangya Viyuhangal
260
_b
Kerala Basha Inst
942
_c
BK
999
_c
37731
_d
37731